The New Encyclopaedia Britannica. (Record no. 10306)

MARC details
000 -LEADER
campo de control de longitud fija 01568nam a2200241 i 4500
001 - NÚMERO DE CONTROL
campo de control 10306
003 - IDENTIFICADOR DE NÚMERO DE CONTROL
campo de control ES-MaACL
005 - FECHA Y HORA DE LA ÚLTIMA TRANSACCIÓN
campo de control 20240122141322.0
007 - CAMPO FIJO DE DESCRIPCIÓN FÍSICA--INFORMACIÓN GENERAL
campo de control de longitud fija t|
008 - DATOS DE LONGITUD FIJA--INFORMACIÓN GENERAL
campo de control de longitud fija 950503m1985 xxuab |||| |deng d
020 ## - NÚMERO INTERNACIONAL ESTÁNDAR DEL LIBRO
Número Internacional Estándar del Libro 0-85229-423-9
080 ## - NÚMERO DE LA CLASIFICACIÓN DECIMAL UNIVERSAL
Número de la Clasificación Decimal Universal 03=2
245 04 - MENCIÓN DEL TÍTULO
Título The New Encyclopaedia Britannica.
250 ## - MENCION DE EDICION
Mención de edición 15th. ed.
260 ## - PUBLICACIÓN, DISTRIBUCIÓN, ETC.
Lugar de publicación, distribución, etc. Chicago [etc.] :
Nombre del editor, distribuidor, etc. Enciclopaedia Britannica,
Fecha de publicación, distribución, etc. 1985-
300 ## - DESCRIPCIÓN FÍSICA
Extensión v. :
Otras características físicas il. ;
Dimensiones 29 cm.
505 8# - NOTA DE CONTENIDO CON FORMATO
Nota de contenido con formato Contiene: PROPAEDIA : Outline of knowledge and guide to the Britannica -- INDEX : A-K - L-Z -- 1 : A-ak-Bayes -- 2 : Bayeu-Ceanothus -- 3 : Ceara-Deluc -- 4 : Delusion-Frenssen -- 5 : Freon-Holderlin -- 6 : Holderness-Krasnoje -- 7 : Krasnokamsk-Menadra -- 8 : Menage-Otawa -- 9 : Otter-Rethimnon -- 10 : Reti-Soloves -- 11 : Solovyov-Truck -- 12 : Trudeau-Zywiec -- MACROPAEDIA :Knowledge in depth : 13 : Accouting-Architecture -- 14 : Artic-Biosphere -- 15 : Birds-Chemical -- 16 : Chicago-Death -- 17 : Decorative-Edison -- 18 : Education-Evolution -- 19 : Excretion-Geometry -- 20 : Geomorphic-Immunity -- 21 : India-Ireland -- 22 : Islam-Life -- 23 : Light-Metabolism -- 24 : Metaphysics-Norway -- 25 : Number-Prague -- 26 : Pre-columbian-Sacred -- 27 : Safety-Southern -- 28 : Spain-Union -- 29 : United-Zoroastrianism. -- BOOK OF THE YEAR : 1985-1998 -- MEDICAL AND HEALTH ANNUAL : 1986-1998 -- SCIENCE AND FUTURE : 1986, 1988-1998 -- SUPPLEMENT : Vol. 1-2
650 ## - PUNTO DE ACCESO ADICIONAL DE MATERIA--TÉRMINO DE MATERIA
Término de materia o nombre geográfico como elemento de entrada Enciclopedias.
9 (RLIN) 12235
740 0# - ENTRADA AGREGADA--TÍTULO RELACIONADO/ANALÍTICO NO CONTROLADO
Título relacionado o analítico no controlado Encyclopaedia Britannica.
852 ## - LOCALIZACIÓN
Ubicación ES-MaACL
Número de control de estantería J-116
942 ## - ELEMENTOS DE ENTRADA SECUNDARIOS (KOHA)
Fuente del sistema de clasificación o colocación Clasificación decimal universal
Holdings
Estatus retirado Estado de pérdida Estado de daño No para préstamo Colección Biblioteca de origen Biblioteca actual Ubicación en estantería Fecha de adquisición Fuente de adquisición Total de préstamos Signatura topográfica completa Código de barras Visto por última vez Precio de reemplazo Tipo de ítem Koha
        Colección de referencia Biblioteca del Ateneo de Madrid Biblioteca del Ateneo de Madrid Depósito 2 17/01/2008     J-116 1010516 23/02/2023 23/02/2023 Libro impreso